| 000 | 00681nam a2200229Ia 4500 | ||
|---|---|---|---|
| 001 | 2919 | ||
| 003 | GE_BSU | ||
| 008 | 181216s||||||||xx |||||||||||||| ||und|| | ||
| 040 | _cGE_BSU | ||
| 080 | _a691.7(075.8) | ||
| 100 | _aСкугорова,Л.П. Таран,В.Д. | ||
| 245 | _aТрубопроводно-строительные материалы. | ||
| 245 | _bУчебник. | ||
| 245 | _cРед. Н.Н.Попова. | ||
| 260 | _aМ. | ||
| 260 | _bВысш. школа. | ||
| 260 | _c1967. | ||
| 300 | _a352 стр. с илл. 21 см. | ||
| 300 | _eТабл. | ||
| 653 | _aТрубопроводно-строительные материалы. | ||
| 942 | _cBK | ||
| 999 |
_c36967 _d36967 |
||